Undone by definitions (Record no. 117886)
[ view plain ]
| 000 -LEADER | |
|---|---|
| fixed length control field | 01722cam a2200289 4500 |
| 001 - CONTROL NUMBER | |
| control field | ABS68180 |
| 008 - FIXED-LENGTH DATA ELEMENTS--GENERAL INFORMATION | |
| fixed length control field | 040824n2004 000 0 eng u |
| 035 ## - SYSTEM CONTROL NUMBER | |
| System control number | (Sirsi) u127147 |
| 100 ## - MAIN ENTRY--PERSONAL NAME | |
| Personal name | O'Keefe, J. |
| 245 ## - TITLE STATEMENT | |
| Title | Undone by definitions |
| 260 ## - PUBLICATION, DISTRIBUTION, ETC. | |
| Date of publication, distribution, etc. | 2004 |
| 490 ## - SERIES STATEMENT | |
| Series statement | Wastes Management |
| Volume/sequential designation | August 2004, 44-45(2) |
| 520 ## - SUMMARY, ETC. | |
| Summary, etc. | Examines the case "R v Swaffham Magistrates Court and another ex p Paul Rackham Ltd" ([2004] EWHC 1417 (Admin), unreported) which discussed the issue of what is the definition of waste. The claimant argued that the definition of waste was now so complicated that it was impossible for a person to determine what was waste and that their material and product were recovered products and no longer controlled waste. Paul Rackham Ltd's application for permission to apply for a judicial review was refused and the case was returned to the magistrates courts. View judgment at www.bailii.org |
| 590 ## - LOCAL NOTE (RLIN) | |
| Local note | ABS |
| 590 ## - LOCAL NOTE (RLIN) | |
| Local note | ABS |
| 650 ## - SUBJECT ADDED ENTRY--TOPICAL TERM | |
| Topical term or geographic name entry element | R V SWAFFHAM MAGISTRATES COURT AND ANOTHER EX P PAUL RACKHAM LTD |
| 650 ## - SUBJECT ADDED ENTRY--TOPICAL TERM | |
| Topical term or geographic name entry element | WASTE REGULATIONS |
| 650 ## - SUBJECT ADDED ENTRY--TOPICAL TERM | |
| Topical term or geographic name entry element | MAYER PARRY RECYCLING LTD V ENVIRONMENT AGENCY |
| 650 ## - SUBJECT ADDED ENTRY--TOPICAL TERM | |
| Topical term or geographic name entry element | DOE CIRCULAR 11/1994 |
| 650 ## - SUBJECT ADDED ENTRY--TOPICAL TERM | |
| Topical term or geographic name entry element | ENVIRONMENTAL PROTECTION ACT 1990 |
| 650 ## - SUBJECT ADDED ENTRY--TOPICAL TERM | |
| Topical term or geographic name entry element | WASTE MANAGEMENT LICENSING REGULATIONS 1994 |
| 650 ## - SUBJECT ADDED ENTRY--TOPICAL TERM | |
| Topical term or geographic name entry element | ARCO CHEMIE NEDERLAND LTD V MINSTER VAN VOLKSHUISVESTING, RUIMTELIJKE ORDENING EN MILIEUHEBER |
| 690 ## - LOCAL SUBJECT ADDED ENTRY--TOPICAL TERM (OCLC, RLIN) | |
| Topical term or geographic name as entry element | WASTE MANAGEMENT-CASE LAW |
| 856 ## - ELECTRONIC LOCATION AND ACCESS | |
| Uniform Resource Identifier | <a href="https://www.bailii.org/cgi-bin/markup.cgi?doc=/ew/cases/EWHC/Admin/2004/1417.html">https://www.bailii.org/cgi-bin/markup.cgi?doc=/ew/cases/EWHC/Admin/2004/1417.html</a> |
| Public note | View judgment on the BAILII website... |
| 856 ## - ELECTRONIC LOCATION AND ACCESS | |
| Uniform Resource Identifier | <a href="https://www.bailii.org/cgi-bin/markup.cgi?doc=/ew/cases/EWHC/Admin/2004/1417.html">https://www.bailii.org/cgi-bin/markup.cgi?doc=/ew/cases/EWHC/Admin/2004/1417.html</a> |
| Public note | View judgment on the BAILII website... |
| 942 ## - ADDED ENTRY ELEMENTS (KOHA) | |
| Suppress in OPAC | 0 |
| Withdrawn status | Lost status | Source of classification or shelving scheme | Damaged status | Not for loan | Home library | Current library | Shelving location | Date acquired | Total Checkouts | Full call number | Barcode | Date last seen | Copy number | Price effective from | Koha item type |
|---|---|---|---|---|---|---|---|---|---|---|---|---|---|---|---|
| Dewey Decimal Classification | London | London | Journal article | 24/08/2004 | ABS68180 | 127147-1001 | 06/08/2019 | 1 | 06/08/2019 | Journal article |